Famous Captains - Statistics

General Stats
  • This quiz has been taken 110 times
    102 since last reset
  • The average score is 7 of 26
Answer Stats
Hint Answer % Correct
Antagonist of Peter Pan Captain Hook
96%
Captain of Jules Verne's "Nautilus" Captain Nemo
61%
One legged captain who hunted Moby Dick Captain Ahab
51%
Member of the 'Avengers', with a super hard shield Captain America
49%
Captain of the Millennium Falcon Han Solo
48%
Overthrown captain of the Bounty Captain William Bligh
46%
Explorer of Oceania, with lots of places named after him Captain Cook
44%
Patrick Stewart's captain of "Star Tek" Jean-Luc Picard
43%
Popular Peurto Rico brand of rum, named after a real captain Captain Morgan
41%
1960's marionette who fought the Mysterons Captain Scarlet
39%
Captain of the Titanic Captain Edward Smith
33%
Popular corn and oats breakfast cereal Cap'n Crunch
30%
"You will always remember this as the day you almost caught..." Captain Jack Sparrow
30%
Bob Keeshan's children's TV show that ran for nearly 30 years Captain Kangaroo
18%
Green haired superhero who battles polluters of the Earth Captain Planet
18%
C. S. Forester's famous captain Horatio Hornblower
17%
Sean Connery's character in "The Hunt for Red October" Captain Marko Ramius
11%
Friend of the 'Teen Angels' Captain Caveman
10%
Intrepid explorer from the Mario universe Captain Toad
7%
Tom Hanks' character in "Saving Private Ryan" Captain John Miller
6%
John Ryan's fictional pirate, no double-entendres intended Captain Pugwash
4%
Captain of Manchester United football club Wayne Rooney
4%
Name of the sea captain from "The Simpsons" Sea Captain Horatio McAllister
3%
Title of heads of state of San Marino Captain Regent
1%
Main character of the Monkey Island game series Guybrush Threepwood
1%
Insane trigger happy captain of the Rokkaku police Captain Hayashi
0%
No matching quizzes found
Score Distribution
Percent of People with Each Score
Percentile by Number Answered
Your Score History
You have not taken this quiz since the last reset